Object-oriented systems analysis and design : (رقم التسجيلة. 26358)

تفاصيل مارك
000 -الفاتح
حقل البيانات ثابتة الطول 00802nam a22002417a 4500
003 - محدد رقم الضبط
رقم الضبط OSt
005 - وقت وتاريخ اخر تعامل مع التسجيلة
رقم الضبط 20150408114103.0
008 - عناصر البيانات ثابتة الطول - معلومات عامة
حقل البيانات ثابتة الطول 110907s 2010enka f b 00| 0 eng d
020 ## - الرقم الدولى المعيارى للكتب
الرقم الدولى المعيارى للكتاب 9780077125363
040 ## - مصدر الفهرسة
لغة الفهرسة eng
082 ## - رقم تصنيف ديوى العشرى
رقم الطبعة 21
رقم التصنيف 005.1
رقم المادة B S O
100 ## - المدخل الرئيسى - إسم شخصى
الإسم الشخصى Bennett, Simon
9 (RLIN) 4032
245 ## - بيان العنوان
العنوان Object-oriented systems analysis and design :
بقية العنوان using UML /
بيان المسئوليه,etc Simon Bennett; Steve McRobb; Ray Farmer
250 ## - بيان الطبعة
بيان الطبعة 4th ed.
260 ## - PUBLICATION, DISTRIBUTION, ETC. (IMPRINT)
مكان الناشر او الموزع Maidenhead, Berkshire :
اسم الناشر او الموزع McGraw-Hill Higher Education,
تاريخ النشر أو التوزيع 2010
300 ## - الوصف المادى
التعداد xxiii :
تفاصيل ماديه اخرى للوعاء ill ;
أبعاد الوعاء 26 cm.
504 ## - تبصرة ببليوجرافية
تبصرة ببليوجرافية,الخ Includes bibliographical references and index.
650 ## - المدخل الاضافى بالموضوع-مصطلح موضوعى
مصطلح موضوعي أو اسم جغرافي كعنصر مدخل Object-oriented programming (Computer science)
9 (RLIN) 3959
650 ## - المدخل الاضافى بالموضوع-مصطلح موضوعى
مصطلح موضوعي أو اسم جغرافي كعنصر مدخل System analysis.
9 (RLIN) 4033
700 ## - المدخل الاضافى - اسم شخصى
الإسم الشخصى McRobb, Steve
9 (RLIN) 4034
700 ## - المدخل الاضافى - اسم شخصى
الإسم الشخصى Farmer, Ray
9 (RLIN) 4035
942 ## - عناصر المدخل الإضافي( كوها)
مصدر التصنيف او مخطط الترفيف Dewey Decimal Classification
Koha [default] item type كتاب
المقتنيات
حالة الفقد نموذج السعر الفعال حالة تلف ليس للاعارة رقم الطلب تاريخ الاكتساب الموقع الحالي الباركود الفرع الرئيسي Date last seen نوع المادة فى نظام كوها مصدر التصنيف او خطة الترفيف Total Checkouts
  2013-03-10     005.1 B S O 2012-12-04 المكتبة المركزية بالمجمعة (CL) 07000000011030 المكتبة المركزية بالمجمعة (CL) 2013-03-10 كتاب Dewey Decimal Classification  
  2013-03-10     005.1 B S O 2012-12-04 المكتبة المركزية بالمجمعة (CL) 07000000011029 المكتبة المركزية بالمجمعة (CL) 2013-03-10 كتاب Dewey Decimal Classification